Normal view
MARC view
- Zaidi, Z. H Zaidi, Z. H Zaidi, Z. H
Entry Personal Name
001 - CONTROL NUMBER
- control field: 78663
003 - CONTROL NUMBER IDENTIFIER
- control field: NUST
005 - DATE AND TIME OF LATEST TRANSACTION
- control field: 20210628210233.0
008 - FIXED-LENGTH DATA ELEMENTS
- fixed length control field: 210628|| aca||aabn | a|a d
040 ## - CATALOGING SOURCE
- Original cataloging agency: NUST
- Transcribing agency: NUST
100 ## - HEADING--PERSONAL NAME
- Personal name: Zaidi, Z. H Zaidi, Z. H Zaidi, Z. H
670 ## - SOURCE DATA FOUND
- Source citation: Work cat.: (NUST): Zaidi, Z. H Zaidi, Z. H Zaidi, Z. H, Jinnah papers. Vol-1/2 prelude to pakistan.20 februrary - 2 june 1947 appendices, 1993
